Boron-doped diamond electrode as a versatile electrochemical platform for biosensing and biosensors

Saved in:
Bibliographic Details
Main Author: Svítková, Jana (Author)
Other Authors: Švorc, Ľubomír (Thesis advisor)
Format: Manuscript Book
Language:Slovak
English
Published: 2016
Subjects:
Online Access:http://is.stuba.sk/zp/portal_zp.pl?podrobnosti=100668
Tags: Add Tag
No Tags, Be the first to tag this record!

MARC

LEADER 00000ntm a22000003a 4500
001 stuzp35661
003 SK-STU
005 20160827210147.9
007 ta
008 150427s2015----xo-----f-mn---000-0-slo-d
040 |a STU  |b slo 
041 0 |a eng 
100 1 |a Svítková, Jana  |u 041000  |k Z3  |4 aut  |U FCHPT Fakulta chemickej a potravinárskej technológie  |T FCHPT Ústav analytickej chémie  |X 50133  |U C1000  |Y 99  |7 A000050133 
242 0 1 |a Bórom-dopovaná diamantová elektróda ako všestranná electrochemická platforma pre stanovenie bioaktívnych látok a biosenzorov  |y slo 
245 1 0 |a Boron-doped diamond electrode as a versatile electrochemical platform for biosensing and biosensors 
260 |c 2016 
650 4 |a chemicky modifikovaná elektróda  |2 slo 
650 4 |a bórom dopovaná diamantová elektróda  |2 slo 
650 4 |a stanovenie  |2 slo 
650 4 |a biorozpoznávací prvok imobilizácie  |2 slo 
650 4 |a alachlór  |2 slo 
650 4 |a amlodipín  |2 slo 
650 4 |a kofeín  |2 slo 
650 4 |a boron-doped diamond electrode  |2 eng 
650 4 |a chemically modified electrode  |2 eng 
650 4 |a determination  |2 eng 
650 4 |a caffeine  |2 eng 
650 4 |a alachlor  |2 eng 
650 4 |a amlodipine  |2 eng 
650 4 |a biorecognition element immobilization  |2 eng 
700 1 |a Švorc, Ľubomír  |u 041000  |k Z1  |4 ths  |U FCHPT Fakulta chemickej a potravinárskej technológie  |T FCHPT Ústav analytickej chémie  |X 19350  |U C1000  |Y 99  |7 A000019350 
856 4 |u http://is.stuba.sk/zp/portal_zp.pl?podrobnosti=100668